000 00950nam a2200277Ia 4500
001 Para_10036
003 CHAP
008 220125sOctu xx 000 0 und d
010 _a208688
040 _cCHAP
090 _aPA CD - TESIS 117
100 _aNava Morales, Brenda Deysy
_980458
245 _aSensibilidad in vitro de Helminthosporium teres en Cebada a fungicidas /
_c Brenda Deysy Nava Morales; Director Santos Gerardo Leyva Mir
260 _aChapingo, Méx. :
_b el autor
300 _a1 CDS ROM (43 p.)
502 _aTesis (Ing. Agr. Esp. en Parasitología Agrícola). UACh. Departamento Parasitología Agrícola
700 1 _aLeyva Mir, Santos Gerardo
_966581
710 _aUACh. Departamento Parasitología Agrícola
_9164025
901 _aPA CD - TESIS 117
902 _aM
905 _a513220Octubre, 2011 amn 8100000000 06
910 _aOctu
942 _cPARA
942 _cPARA
_d2
999 _c208688
_d208688